<?xml version="1.0" encoding="UTF-8"?>
<marc:record xmlns:marc="http://www.loc.gov/MARC21/slim">
   <marc:leader>00000nam a2200000 a 4500</marc:leader>
   <marc:datafield ind1="1" ind2=" " tag="100">
      <marc:subfield code="a">Rossbacher, Claudia</marc:subfield>
      <marc:subfield code="4">aut</marc:subfield>
      <marc:subfield code="e">Verfasser/-in</marc:subfield>
   </marc:datafield>
   <marc:datafield ind1="0" ind2="0" tag="245">
      <marc:subfield code="a">Steirerland &amp; Steirernacht</marc:subfield>
   </marc:datafield>
   <marc:datafield ind1="0" ind2="0" tag="245">
      <marc:subfield code="b">Zwei Alpen-Krimis</marc:subfield>
   </marc:datafield>
   <marc:datafield ind1=" " ind2="1" tag="264">
      <marc:subfield code="b">Weltbild</marc:subfield>
      <marc:subfield code="c">2017</marc:subfield>
   </marc:datafield>
   <marc:datafield ind1="1" ind2=" " tag="490">
      <marc:subfield code="a">Steirer-Krimis</marc:subfield>
   </marc:datafield>
   <marc:datafield ind1="1" ind2=" " tag="520">
      <marc:subfield code="a">Steirerland: Mord im Vulkanland: Raus aus der Auszeit und rein in den nächsten schaurigen Mordfall schlittert Ermittlerin Sandra Mohr, die sich mit einer Leiche ohne Hände und einer ohne Füße herumschlagen muss.  Steirernacht: Familientragödie in der Oststeiermark: Eine ganze Familie stirbt - Suizid oder doch Mord? Einzig die 13-jährige Tochter gilt als wichtige Tatzeugin. Kein leichter Fall für Sandra Mohr und Sascha Bergmann.</marc:subfield>
   </marc:datafield>
   <marc:datafield ind1=" " ind2=" " tag="020">
      <marc:subfield code="a">9783903159280</marc:subfield>
      <marc:subfield code="9">9783903159280</marc:subfield>
   </marc:datafield>
</marc:record>
